| 000 | 01197nam a22002537a 4500 | ||
|---|---|---|---|
| 005 | 20101202145340.0 | ||
| 008 | 090224t xxu||||| |||| 00| 0 hin d | ||
| 010 | _aHIN-91173 | ||
| 020 |
_c200.00 _a8177143670 |
||
| 035 | _aHN-63519 | ||
| 037 | _bDBAD / PUB | ||
| 040 |
_aDPL _bHN |
||
| 082 | _a822 | ||
| 100 | _924550 | ||
| 245 |
_aबहार का मौसमः _cकंचन वर्मा द्वारा अनुदित _bविलियम शेक्सपियर कृत ए मिडसमर नाइट्स ड्रीम का हिन्दी अनुवाद / |
||
| 246 | _aBahaar ka mousam | ||
| 260 |
_aनई दिल्ली _bप्रकाशन संस्थान _c2010 |
||
| 270 |
_a4268-बी/3, अंसारी रोड, दरियागंज _bनई दिल्ली _e110002 |
||
| 300 |
_a143पृ. _c22सेमी. (सजिल्द) |
||
| 650 | _9697 | ||
| 700 |
_924551 _aवर्मा, कंचन |
||
| 942 |
_2ddc _cHN _mबहार _h822 |
||
| 999 |
_c48964 _d48964 |
||